| 000 | 01086aam a2200337 4500 | ||
|---|---|---|---|
| 005 | 20230224191420.0 | ||
| 008 | 150512b20102011xxu||||| |||| 00| 0 spa d | ||
| 041 | _aESP | ||
| 082 | _a657.42 R585c18 | ||
| 100 |
_aRío González, Cristóbal del _968928 |
||
| 100 |
_aRío Sánchez, Cristóbal del _968929 |
||
| 100 |
_a Río Sánchez, Raymundo del _968930 |
||
| 245 | _aCostos II: predeterminados de operación y costo variable | ||
| 250 | _a18 edición | ||
| 260 |
_aMéxico _bCengage Learning _c2010 |
||
| 500 | _aVolumen II | ||
| 650 |
_aCONTABILIDAD DE COSTOS _968931 |
||
| 650 |
_aCOSTOS PREDETERMINADOS _968932 |
||
| 650 |
_aCOSTOS ESTIMADOS _968933 |
||
| 650 |
_aCOSTOS ESTÁNDAR _968934 |
||
| 650 |
_aCOSTO DE OPERACIÓN _968935 |
||
| 650 |
_aANALISIS DE COSTOS _968936 |
||
| 650 |
_aCONTABILIDAD _968937 |
||
| 650 |
_aCOSTOS DE PRODUCCIÓN _968938 |
||
| 650 |
_aPROCEDIMIENTOS DE CONTROL _968939 |
||
| 650 |
_aCOSTO VARIABLE _968940 |
||
| 650 |
_aCATÁLOGO DE CUENTAS _968941 |
||
| 692 | _CDAE | ||
| 942 | _cBK | ||
| 999 |
_c5397 _d5397 |
||